| 000 | 00734nam a2200253Ia 4500 | ||
|---|---|---|---|
| 003 | OSt | ||
| 005 | 20220926024730.0 | ||
| 006 | a|||||r|||| 00| 0 | ||
| 007 | ta | ||
| 008 | 220923b |||||||| |||| 00| 0 eng d | ||
| 020 | _a0 19 877030 8 | ||
| 037 | _cGeneral Book | ||
| 040 |
_aRTL _cRTL _beng |
||
| 041 |
_2eng _aeng |
||
| 082 | _aX.677.N72<-N52, L4 | ||
| 100 |
_aMabro Robert _9130287 |
||
| 245 | 0 | _aEgyptian economy, 1952-72 | |
| 260 |
_aOxford _bClarendon Press _c1974 |
||
| 300 |
_axii, 254p. _ccm. |
||
| 490 | _aEconomics of the World. Ed by Nita Watts | ||
| 650 |
_aAfrica Economic Conditions _932254 |
||
| 942 |
_hX.677.N72<-N52, L4 _cGB _2CC |
||
| 999 |
_c645359 _d645359 |
||